000 01205nam a22002777a 4500
999 _c64945
_d64945
005 20240530110759.0
008 190117s2017 ua g b 000 0 ara d
017 _a2017/10147
_bمصر. دار الكتب
020 _a9789779112961
040 _aEG-CaGPL
_cEG-CaGPL
082 0 4 _221
_a324.6 /
_bز ش
100 0 _aزين العابدين محمد عبدالموجود
245 1 0 _aشروط وضمانات المرشح لعضوية المجالس النيابية :
_bدراسة مقارنة وفقا لاحدث التعديلات /
_cزين العابدين محمد عبدالموجود
250 _aط.1
260 _aالقاهرة :
_bالهيئة المصرية العامة للكتاب،
_c2017.
300 _a297 ص. ؛
_c24 سم.
504 _aيشتمل على ارجاعات ببليوجرافية
650 0 7 _2qrmak
_aالانتخابات
650 0 7 _2qrmak
_aالعلوم السياسية
650 0 7 _2qrmak
_aقانون الانتخابات
650 0 7 _2qrmak
_aالهيئات التشريعية
_xاقتراع
650 0 7 _2qrmak
_aالهيئات التشريعية
_xاعضاء
651 _2qrmak
942 _2ddc
_cBK